Client/server programming with Java and corba (Record no. 209107)

MARC details
000 -LEADER
fixed length control field 00500nam a2200181Ia 4500
008 - FIXED-LENGTH DATA ELEMENTS--GENERAL INFORMATION
fixed length control field 231221s9999 xx 000 0 und d
020 ## - INTERNATIONAL STANDARD BOOK NUMBER
International Standard Book Number 8173660387
041 ## - LANGUAGE CODE
Language code of text/sound track or separate title English
082 ## - DEWEY DECIMAL CLASSIFICATION NUMBER
Classification number 001.6424JAV ORF;13
100 ## - MAIN ENTRY--PERSONAL NAME
Personal name Orfali, Robert. Harkey, Dan.
245 #0 - TITLE STATEMENT
Title Client/server programming with Java and corba
250 ## - EDITION STATEMENT
Edition statement 2nd ed.
260 ## - PUBLICATION, DISTRIBUTION, ETC.
Date of publication, distribution, etc. 1999
Name of publisher, distributor, etc. Shroff Publishers
Place of publication, distribution, etc. New Delhi
300 ## - PHYSICAL DESCRIPTION
Extent xxxv, 1020
300 ## - PHYSICAL DESCRIPTION
Dimensions 51874
650 ## - SUBJECT ADDED ENTRY--TOPICAL TERM
Topical term or geographic name entry element Client/server,programming,Java,corba
942 ## - ADDED ENTRY ELEMENTS (KOHA)
Koha item type Compact Disks
Holdings
Date last seen Total checkouts Full call number Accession number Price effective from Category Lost status Damaged status Department Withdrawn status Home library Current library Shelving location Entry date Vendor Grants Billdate Currency symbol Conversion rate Discount Old discount
26/01/2024   001.6424JAV ORF;13 CD3791 26/01/2024 Compact Disks     Central Library   Central Library Central Library Central Library   Publisher DONATED 23/01/2012 RS 1    

© For any Suggestions or Query, please contact the library staff @ librarian@pes.edu or Phone: +9180 2672 1983/ 2108.